Detalles MARC
| 000 -LEADER |
| campo de control de longitud fija |
05965cam a22009134i 4500 |
| 003 - IDENTIFICADOR DE NÚMERO DE CONTROL |
| campo de control |
PE-LiUPU |
| 005 - FECHA Y HORA DE LA ÚLTIMA TRANSACCIÓN |
| campo de control |
20250731165351.0 |
| 008 - DATOS DE LONGITUD FIJA--INFORMACIÓN GENERAL |
| campo de control de longitud fija |
150617s1979 sp r 000 0 spa d |
| 020 ## - NÚMERO INTERNACIONAL ESTÁNDAR DEL LIBRO |
| Número Internacional Estándar del Libro |
8434539608 |
| Información calificativa |
(Obra completa) |
| 020 ## - NÚMERO INTERNACIONAL ESTÁNDAR DEL LIBRO |
| Número Internacional Estándar del Libro |
8434539624 |
| Información calificativa |
(Tomo 1) |
| 020 ## - NÚMERO INTERNACIONAL ESTÁNDAR DEL LIBRO |
| Número Internacional Estándar del Libro |
8434539624 |
| Información calificativa |
(Tomo 2) |
| 020 ## - NÚMERO INTERNACIONAL ESTÁNDAR DEL LIBRO |
| Número Internacional Estándar del Libro |
8434539632 |
| Información calificativa |
(Tomo 3) |
| 020 ## - NÚMERO INTERNACIONAL ESTÁNDAR DEL LIBRO |
| Número Internacional Estándar del Libro |
8434539640 |
| Información calificativa |
(Tomo 4) |
| 020 ## - NÚMERO INTERNACIONAL ESTÁNDAR DEL LIBRO |
| Número Internacional Estándar del Libro |
8434539659 |
| Información calificativa |
(Tomo 5) |
| 020 ## - NÚMERO INTERNACIONAL ESTÁNDAR DEL LIBRO |
| Número Internacional Estándar del Libro |
8434539667 |
| Información calificativa |
(Tomo 6) |
| 020 ## - NÚMERO INTERNACIONAL ESTÁNDAR DEL LIBRO |
| Número Internacional Estándar del Libro |
8434539675 |
| Información calificativa |
(Tomo 7) |
| 020 ## - NÚMERO INTERNACIONAL ESTÁNDAR DEL LIBRO |
| Número Internacional Estándar del Libro |
8434539683 |
| Información calificativa |
(Tomo 8) |
| 020 ## - NÚMERO INTERNACIONAL ESTÁNDAR DEL LIBRO |
| Número Internacional Estándar del Libro |
8434539691 |
| Información calificativa |
(Tomo 9) |
| 020 ## - NÚMERO INTERNACIONAL ESTÁNDAR DEL LIBRO |
| Número Internacional Estándar del Libro |
8434539705 |
| Información calificativa |
(Tomo 10) |
| 020 ## - NÚMERO INTERNACIONAL ESTÁNDAR DEL LIBRO |
| Número Internacional Estándar del Libro |
8434539713 |
| Información calificativa |
(Tomo 11) |
| 020 ## - NÚMERO INTERNACIONAL ESTÁNDAR DEL LIBRO |
| Número Internacional Estándar del Libro |
8434539721 |
| Información calificativa |
(Tomo 12) |
| 035 ## - NÚMERO DE CONTROL DEL SISTEMA |
| Número de control de sistema |
(Sirsi) i9788434539679 |
| 040 ## - FUENTE DE CATALOGACIÓN |
| Centro catalogador/agencia de origen |
PE-LiUPU |
| Lengua de catalogación |
spa |
| Centro/agencia transcriptor |
PE-LiUPU |
| Normas de descripción |
rda |
| 049 ## - FONDOS LOCALES (OCLC) |
| Biblioteca depositaria |
PRUA |
| 082 04 - NÚMERO DE LA CLASIFICACIÓN DECIMAL DEWEY |
| Número de clasificación |
370.07 |
| Cutter |
U6 |
| Número de edición |
21 |
| 245 00 - MENCIÓN DEL TÍTULO |
| Título |
Universitas / |
| Mención de responsabilidad, etc. |
director Juan Salvat. |
| 264 #1 - PRODUCCIÓN, PUBLICACIÓN, DISTRIBUCIÓN, FABRICACIÓN Y COPYRIGHT |
| Producción, publicación, distribución, fabricación y copyright |
Barcelona : |
| Nombre del de productor, editor, distribuidor, fabricante |
Salvat, |
| Fecha de producción, publicación, distribución, fabricación o copyright |
1979. |
| 300 ## - DESCRIPCIÓN FÍSICA |
| Extensión |
240 páginas ; |
| Dimensiones |
29 centímetros. |
| 336 ## - TIPO DE CONTENIDO |
| Término de tipo de contenido |
text |
| Fuente |
rdacontent |
| 337 ## - TIPO DE MEDIO |
| Nombre/término del tipo de medio |
unmediated |
| Fuente |
rdamedia |
| 338 ## - TIPO DE SOPORTE |
| Nombre/término del tipo de soporte |
volume |
| Fuente |
rdacarrier |
| 505 0# - NOTA DE CONTENIDO CON FORMATO |
| Nota de contenido con formato |
Tomo 1, |
| Título |
La historia -- Prehistoria -- Historia antigua -- Historia medieval -- Historia moderna. |
| 505 0# - NOTA DE CONTENIDO CON FORMATO |
| Nota de contenido con formato |
Tomo 2, |
| Título |
La historia ii -- Historia moderna -- Historia contemporánea. |
| 505 0# - NOTA DE CONTENIDO CON FORMATO |
| Nota de contenido con formato |
Tomo 3, |
| Título |
Sistemática -- La arquitectura de la vida -- La maquinaria de la vida -- Vida e información. |
| 505 0# - NOTA DE CONTENIDO CON FORMATO |
| Nota de contenido con formato |
Tomo 4, |
| Título |
La vida ii -- Vida y evolución -- El comportamiento -- El ser vivo y su ambiente. |
| 505 0# - NOTA DE CONTENIDO CON FORMATO |
| Nota de contenido con formato |
Tomo 5, |
| Título |
El pensamiento -- Pensamiento antiguo y medieval -- Pensamiento moderno -- Pensamiento en el siglo XX. |
| 505 0# - NOTA DE CONTENIDO CON FORMATO |
| Nota de contenido con formato |
Tomo 6, |
| Título |
Las artes -- Fotografías y cine -- Espestáculos -- Música -- Artes plásticas. |
| 505 0# - NOTA DE CONTENIDO CON FORMATO |
| Nota de contenido con formato |
Tomo 7, |
| Título |
La literaruta -- ¿Quién nos enseñó a escribir?. El indoeuropeo -- Orígenes de la literatura: El ramayama. La iliada. Evolución de la poesía épica. La lírica griega arcaica. El espectáculo teatral en la antigua Grecia. Evolucion de la comedia. Los historiadores antiguos. La oratoria antigua -- La literatura medieval y moderna: El poema del Cid. Dante Alighieri -- La historia del libro. Cervantes. Lope de Vega. William Shakespeare. Moliere y la comedia clásica francesa. Mito y desmitificación de Goethe -- La literatura contemporánea: Charles Baudelaire, iniciador del simbolismo. Zola, maestro del naturalismo. La gran narrativa ruse y Lev Tolstói. Franz Kafka. Bertolt Brecht, un hombre de teatro. Jorge Luis Borges. Ernest Hemingway. Federico García Lorce -- La novela policiaca. La crítica literaria. |
| 505 0# - NOTA DE CONTENIDO CON FORMATO |
| Nota de contenido con formato |
Tomo 8, |
| Título |
El hombre -- Concepción y desarrollo -- La herencia humana -- Los órganos del cuerpo -- La psique -- Patología y terapéutica. |
| 505 0# - NOTA DE CONTENIDO CON FORMATO |
| Nota de contenido con formato |
Tomo 9, |
| Título |
La sociedad -- Demografía -- Urbanismo -- Sociología -- Teoría económica. |
| 505 0# - NOTA DE CONTENIDO CON FORMATO |
| Nota de contenido con formato |
Tomo 10, |
| Título |
Materia y energía -- Química y termodinámica -- Mecánica -- óptica y electromagnetismo -- Física moderna. |
| 505 0# - NOTA DE CONTENIDO CON FORMATO |
| Nota de contenido con formato |
Tomo 11, |
| Título |
El universo y la tierra -- Astronomía -- Meteorología -- Geología. |
| 505 0# - NOTA DE CONTENIDO CON FORMATO |
| Nota de contenido con formato |
Tomo 12, |
| Título |
La matemática -- Lógica y teoría de conjuntos -- Teoría de númros -- Geometría -- Álgebra -- Análisis -- Topología -- Matemática aplicada. |
| 526 ## - NOTA DE INFORMACIÓN SOBRE EL PROGRAMA DE ESTUDIO |
| Nombre del programa |
Segunda Especialidad En Estadística Aplicada Para Investigación (A Distancia) |
| 526 ## - NOTA DE INFORMACIÓN SOBRE EL PROGRAMA DE ESTUDIO |
| Nombre del programa |
Segunda Especialidad En Estadística Aplicada Para Investigación |
| 526 ## - NOTA DE INFORMACIÓN SOBRE EL PROGRAMA DE ESTUDIO |
| Nombre del programa |
Ingeniería De Ciberseguridad |
| 526 ## - NOTA DE INFORMACIÓN SOBRE EL PROGRAMA DE ESTUDIO |
| Nombre del programa |
Ingeniería De Ciencia De Datos E Inteligencia Artificial |
| 526 ## - NOTA DE INFORMACIÓN SOBRE EL PROGRAMA DE ESTUDIO |
| Nombre del programa |
Ingeniería De Software |
| 526 ## - NOTA DE INFORMACIÓN SOBRE EL PROGRAMA DE ESTUDIO |
| Nombre del programa |
|
| 526 ## - NOTA DE INFORMACIÓN SOBRE EL PROGRAMA DE ESTUDIO |
| Nombre del programa |
Comunicación Y Periodismo |
| 526 ## - NOTA DE INFORMACIÓN SOBRE EL PROGRAMA DE ESTUDIO |
| Nombre del programa |
Maestría En Ingeniería De Sistemas Con Mención En Dirección Y Gestión De Tecnologías De Información (Semipresencial) |
| 526 ## - NOTA DE INFORMACIÓN SOBRE EL PROGRAMA DE ESTUDIO |
| Nombre del programa |
Maestría En Ingeniería De Sistemas Con Mención En Dirección Y Gestión De Tecnologías De Información (A Distancia) |
| 526 ## - NOTA DE INFORMACIÓN SOBRE EL PROGRAMA DE ESTUDIO |
| Nombre del programa |
Doctorado en ingeniería de sistemas |
| 526 ## - NOTA DE INFORMACIÓN SOBRE EL PROGRAMA DE ESTUDIO |
| Nombre del programa |
Maestría en ingeniería de sistemas con mención en Ingeniería de software |
| 526 ## - NOTA DE INFORMACIÓN SOBRE EL PROGRAMA DE ESTUDIO |
| Nombre del programa |
Maestría en ingeniería de sistemas con mención en Dirección y gestión de tecnologías de información |
| 526 ## - NOTA DE INFORMACIÓN SOBRE EL PROGRAMA DE ESTUDIO |
| Nombre del programa |
Ingeniería de sistemas |
| 526 ## - NOTA DE INFORMACIÓN SOBRE EL PROGRAMA DE ESTUDIO |
| Nombre del programa |
Educación secundaria, especialidad matemática e informática |
| 596 ## - |
| -- |
1 |
| 650 04 - PUNTO DE ACCESO ADICIONAL DE MATERIA--TÉRMINO DE MATERIA |
| Término de materia o nombre geográfico como elemento de entrada |
Literatura. |
| 700 1# - ENTRADA AGREGADA--NOMBRE PERSONAL |
| Nombre de persona |
Salvat, Juan, |
| Término indicativo de función/relación |
director. |
| 910 ## - DATOS DE OPCIÓN DEL USUARIO (OCLC) |
| Datos de opción del usuario |
jck |
| -- |
jvq |
| -- |
jck |
| -- |
20150616 |
| 910 ## - DATOS DE OPCIÓN DEL USUARIO (OCLC) |
| Datos de opción del usuario |
dbm |
| -- |
ncf |
| -- |
ncf |
| -- |
20190521 |
| 942 ## - ELEMENTOS DE ENTRADA SECUNDARIOS (KOHA) |
| Fuente del sistema de clasificación o colocación |
Clasificación Decimal Dewey |
| Tipo de ítem Koha |
|
| 949 ## - PROCESAMIENTO DE INFORMACIÓN LOCAL (OCLC) |
| a |
RC 370.07 U6 7 |
| w |
DEWEY |
| c |
1 |
| i |
34987 |
| l |
CCODEBUL1 |
| m |
BUL |
| r |
0 |
| s |
Y |
| t |
BOOK |
| u |
2015-4-21 |
| x |
EDUCACION |
| z |
UNKNOWN |
| 0 |
COMPRA |
| o |
.STAFF. Colección General |
| 994 ## - |
| -- |
C0 |
| -- |
PEPRU |
| 999 ## - NÚMEROS DE CONTROL DE SISTEMA (KOHA) |
| -- |
DEWEY |
| -- |
34987 |
| -- |
2021-11-8 |
| -- |
6 |
| -- |
RCG |
| -- |
BUL |
| -- |
10.00 |
| -- |
1 |
| -- |
Y |
| -- |
BOOK |
| -- |
2015-4-21 |
| -- |
BIBLIOTECA |
| -- |
UNKNOWN |
| -- |
COMPRA |
| -- |
.STAFF. Colección General |
| 999 ## - NÚMEROS DE CONTROL DE SISTEMA (KOHA) |
| -- |
DEWEY |
| -- |
34981 |
| -- |
2019-12-11 |
| -- |
2 |
| -- |
DISCARD |
| -- |
BUL |
| -- |
10.00 |
| -- |
1 |
| -- |
Y |
| -- |
BOOK |
| -- |
2019-5-21 |
| -- |
EDUCACION |
| -- |
UNKNOWN |
| -- |
COMPRA |
| -- |
.STAFF. Colección General |
| 999 ## - NÚMEROS DE CONTROL DE SISTEMA (KOHA) |
| -- |
DEWEY |
| -- |
34982 |
| -- |
2019-12-11 |
| -- |
2 |
| -- |
DISCARD |
| -- |
BUL |
| -- |
10.00 |
| -- |
1 |
| -- |
Y |
| -- |
BOOK |
| -- |
2019-5-21 |
| -- |
EDUCACION |
| -- |
P14 |
| -- |
COMPRA |
| -- |
.STAFF. Colección General |
| 999 ## - NÚMEROS DE CONTROL DE SISTEMA (KOHA) |
| -- |
DEWEY |
| -- |
34983 |
| -- |
2021-11-8 |
| -- |
3 |
| -- |
RCG |
| -- |
BUL |
| -- |
10.00 |
| -- |
1 |
| -- |
Y |
| -- |
BOOK |
| -- |
2019-5-21 |
| -- |
BIBLIOTECA |
| -- |
UNKNOWN |
| -- |
COMPRA |
| -- |
.STAFF. Colección General |
| 999 ## - NÚMEROS DE CONTROL DE SISTEMA (KOHA) |
| -- |
DEWEY |
| -- |
34984 |
| -- |
2019-12-11 |
| -- |
2 |
| -- |
DISCARD |
| -- |
BUL |
| -- |
10.00 |
| -- |
1 |
| -- |
Y |
| -- |
BOOK |
| -- |
2019-5-21 |
| -- |
EDUCACION |
| -- |
UNKNOWN |
| -- |
COMPRA |
| -- |
.STAFF. Colección General |
| 999 ## - NÚMEROS DE CONTROL DE SISTEMA (KOHA) |
| -- |
DEWEY |
| -- |
34985 |
| -- |
2021-11-8 |
| -- |
3 |
| -- |
RCG |
| -- |
BUL |
| -- |
10.00 |
| -- |
1 |
| -- |
Y |
| -- |
BOOK |
| -- |
2019-5-21 |
| -- |
BIBLIOTECA |
| -- |
UNKNOWN |
| -- |
COMPRA |
| -- |
.STAFF. Colección General |
| 999 ## - NÚMEROS DE CONTROL DE SISTEMA (KOHA) |
| -- |
DEWEY |
| -- |
34986 |
| -- |
2021-11-8 |
| -- |
3 |
| -- |
RCG |
| -- |
BUL |
| -- |
10.00 |
| -- |
1 |
| -- |
Y |
| -- |
BOOK |
| -- |
2019-5-21 |
| -- |
BIBLIOTECA |
| -- |
UNKNOWN |
| -- |
COMPRA |
| -- |
.STAFF. Colección General |
| 999 ## - NÚMEROS DE CONTROL DE SISTEMA (KOHA) |
| -- |
DEWEY |
| -- |
34988 |
| -- |
2021-11-8 |
| -- |
3 |
| -- |
RCG |
| -- |
BUL |
| -- |
10.00 |
| -- |
1 |
| -- |
Y |
| -- |
BOOK |
| -- |
2019-5-21 |
| -- |
BIBLIOTECA |
| -- |
UNKNOWN |
| -- |
COMPRA |
| -- |
.STAFF. Colección General |
| 999 ## - NÚMEROS DE CONTROL DE SISTEMA (KOHA) |
| -- |
DEWEY |
| -- |
34989 |
| -- |
2021-11-8 |
| -- |
3 |
| -- |
RCG |
| -- |
BUL |
| -- |
10.00 |
| -- |
1 |
| -- |
Y |
| -- |
BOOK |
| -- |
2019-5-21 |
| -- |
BIBLIOTECA |
| -- |
UNKNOWN |
| -- |
COMPRA |
| -- |
.STAFF. Colección General |
| 999 ## - NÚMEROS DE CONTROL DE SISTEMA (KOHA) |
| -- |
DEWEY |
| -- |
34990 |
| -- |
2021-11-8 |
| -- |
3 |
| -- |
RCG |
| -- |
BUL |
| -- |
10.00 |
| -- |
1 |
| -- |
Y |
| -- |
BOOK |
| -- |
2019-5-21 |
| -- |
BIBLIOTECA |
| -- |
UNKNOWN |
| -- |
COMPRA |
| -- |
.STAFF. Colección General |
| 999 ## - NÚMEROS DE CONTROL DE SISTEMA (KOHA) |
| -- |
DEWEY |
| -- |
34991 |
| -- |
2021-11-8 |
| -- |
3 |
| -- |
RCG |
| -- |
BUL |
| -- |
10.00 |
| -- |
1 |
| -- |
Y |
| -- |
BOOK |
| -- |
2019-5-21 |
| -- |
BIBLIOTECA |
| -- |
UNKNOWN |
| -- |
COMPRA |
| -- |
.STAFF. Colección General |
| 999 ## - NÚMEROS DE CONTROL DE SISTEMA (KOHA) |
| -- |
DEWEY |
| -- |
34992 |
| -- |
2021-11-8 |
| -- |
3 |
| -- |
RCG |
| -- |
BUL |
| -- |
10.00 |
| -- |
1 |
| -- |
Y |
| -- |
BOOK |
| -- |
2019-5-21 |
| -- |
BIBLIOTECA |
| -- |
UNKNOWN |
| -- |
COMPRA |
| -- |
.STAFF. Colección General |
| 980 ## - EQUIVALENCIA O REFERENCIA-CRUZADA-MENCIÓN DE SERIE--NOMBRE DE PERSONA/TÍTULO [LOCAL, CANADÁ] |
| ID del último usuario que modificó el registro |
1 |
| Nombre del último usuario que modificó el registro |
ALBERTO SANCHEZ Responsable de Automatización |